000 00597nam a22001817a 4500
005 20260228175330.0
010 _aBACEN26
020 _a9789364378635(Paper 1)
_c625.00
037 _bArihant Books
082 _a000
100 _aBeniwal, Prateek
_987915
245 _aSuccess Master CTET Paper I:
_bClass I-V/
_cPrateek Beniwal
250 _a1
260 _aNew Delhi
_bArihant Books
_c2025
270 _a4577/15 Agarwal Road, Ansari Road, Darya Ganj
_bNew Delhi
_e110002
_mbooks.arihant2023@gmail.com
_k011-47630600
300 _a564p.
_c27cm(pb)
942 _2ddc
_cEN
_mSUC
_h000
999 _c215051
_d215051